Tuyển tập truyện ngắn các tác giả đoạt giải Nobel; T2

Saved in:
Bibliographic Details
Format: Book
Language:Undetermined
Published: Hà Nội Văn Học 1998
Subjects:
Tags: Add Tag
No Tags, Be the first to tag this record!
Institutions: Trung tâm Học liệu Trường Đại học Cần Thơ
LEADER 00519nam a2200169Ia 4500
001 CTU_27510
008 210402s9999 xx 000 0 und d
020 |b 60.000đ 
082 |a 808.83 
082 |b T527/T2 
245 0 |a Tuyển tập truyện ngắn các tác giả đoạt giải Nobel; T2 
260 |a Hà Nội 
260 |b Văn Học 
260 |c 1998 
650 |a short stories - 20th century - collections 
904 |i Minh, 981224 
980 |a Trung tâm Học liệu Trường Đại học Cần Thơ